Krásne sa podeliť III. Minifest Top v Topoľčiankach

Bibliographic Details
Main Authors: Demeková, Adela (ain), Hladíková, Ida (Author)
Format: Article
Language:Slovak
PhysicalDescription:Fotogr.
ISSN:0323-2883
Subjects:

MARC

LEADER 00000nab a2200000 a 4500
001 vtls000672584
003 SK-MaSNL
005 20260304095729.0
008 250425c1998 xo 0 slo
015 |a SNBRB1998/10-27211 
035 |a CLN000024760 
035 |a urn:nbn:sk:snk-abdq0q 
035 |a (urnnbn)urn:nbn:sk:snk:ar-001fmb 
035 |a (uuid)f70d3939-931c-4044-afab-bb1921462ec3 
040 |a SNKBUCL  |b slo  |c SNKBUCL  |e AACR2 
041 0 |a slo 
044 |a xo  |c SK 
080 |a 792.091.4:792.9  |2 1997 
080 |a 792.9  |2 1997 
100 1 |a Demeková, Adela  |4 ain  |9 265566 
245 1 0 |a Krásne sa podeliť  |b III. Minifest Top v Topoľčiankach  |c zhovárala sa Adela Demeková 
300 |b Fotogr. 
611 1 7 |a Minifest Top  |n 3.  |d 1998  |c Topoľčianky, Slovensko  |2 snkbucl  |9 1273959 
650 0 7 |a bábkové divadlo  |2 snkbucl  |9 3309 
655 7 |a články z novín a časopisov  |2 snkbucl  |9 267496 
700 1 |a Hladíková, Ida  |4 aut  |9 1393198 
773 0 |t Javisko  |g Roč. 30, č. 10 (1998), s. 21-22  |x 0323-2883 
850 |a Slovenská národná knižnica 
852 |a Slovenská národná knižnica 
954 |a odborná, vedecká literatúra pôvodná (slovenská)  |2 lita 
958 |a article19 
958 |a OND 
958 |a SK 
958 |a EUIPO 
992 |a RBX 
999 |c 2834130  |d 2836060